Women media and society: Issues of survival and representation (Record no. 15361)

MARC details
000 -LEADER
fixed length control field 00487nam a2200169Ia 4500
008 - FIXED-LENGTH DATA ELEMENTS--GENERAL INFORMATION
fixed length control field 230917s9999||||xx |||||||||||||| ||und||
020 ## - ISBN
Price RS695
040 ## - CATALOGING SOURCE
-- 227030
Original cataloging agency VIVEKANANDA LIBRARY
041 ## - Language
-- English
082 ## - DDC NUMBER
Classification number 301.412 R188W
100 ## - MAIN ENTRY--PERSONAL NAME
Personal name Rathee, Manjeet
245 #0 - TITLE STATEMENT
Title Women media and society: Issues of survival and representation
260 ## - PUBLICATION, DISTRIBUTION, ETC. (IMPRINT)
Place of publication, distribution, etc New Delhi
Name of publisher, distributor, etc Alfa Publications
Date of publication, distribution, etc 2013
300 ## - PHYSICAL DESCRIPTION
Pages xvi,227 p.
500 ## - GENERAL NOTE
General note 2062 20/07/2015 HBD15/6435 22/07/2015 Main Budget
942 ## - ADDED ENTRY ELEMENTS (KOHA)
Koha item type Books
Holdings
Withdrawn status Lost status Damaged status Not for loan Location (home branch) Sublocation or collection (holding branch) Date acquired Koha issues (times borrowed) Koha full call number Accession No. Koha date last seen Koha item type
        VIVEKANANDA LIBRARY VIVEKANANDA LIBRARY 15/09/2015   301.412 R188W 339288 17/09/2023 Books
        VIVEKANANDA LIBRARY VIVEKANANDA LIBRARY 15/09/2015   301.412 R188W 339289 17/09/2023 Books
        VIVEKANANDA LIBRARY VIVEKANANDA LIBRARY 15/09/2015   301.412 R188W 339290 17/09/2023 Books
        VIVEKANANDA LIBRARY VIVEKANANDA LIBRARY 15/09/2015   301.412 R188W 339291 17/09/2023 Books
        VIVEKANANDA LIBRARY VIVEKANANDA LIBRARY 15/09/2015   301.412 R188W 339292 17/09/2023 Books
© Designed and Maintained by Vivekananda Library, MDU Rohtak